[Event "Titled Tuesday intern op 07th Jan Early"]
[Site "Chess.com INT"]
[Date "2025.01.07"]
[Round "4"]
[White "Apoorv, Kamble"]
[Black "Kasparov, Sergey"]
[Result "1-0"]
[WhiteElo "2264"]
[BlackElo "2441"]
[PlyCount "67"]
[EventDate "2025.01.07"]
[EventType "swiss (blitz)"]
[EventRounds "11"]
[EventCountry "USA"]
[SourceTitle "CB03_2025"]
[SourceDate "2025.01.15"]
[SourceVersion "1"]
[SourceVersionDate "2025.01.15"]
[SourceQuality "1"]

1. e4 d5 2. exd5 Qxd5 3. Nc3 Qd6 4. Nf3 Nf6 5. Bc4 a6 6. a4 Be6 7. Qe2 Bxc4 8. Qxc4 Nc6 9. d3 e6 10. Bf4 Qb4 11. Bxc7 Rc8 12. Bg3 Qxb2 13. Rb1 Qxc2 14. 0-0 Na7 15. Bc7 Bd6 16. Rfc1 Qxc1+ 17. Rxc1 Rxc7 18. Qd4 Nc8 19. Ne2 Rxc1+ 20. Nxc1 0-0 21. Nb3 Rd8 22. g3 Kf8 23. Nc5 Be7 24. Qc4 Nb6 25. Qc2 Rc8 26. d4 Ke8 27. Qb3 Bxc5 28. dxc5 Nbd7 29. Qxb7 Rxc5 30. Qxa6 Nd5 31. Nd4 Rc1+ 32. Kg2 Ra1 33. Nc6 Nc5 34. Qc8# 1-0

[Event "Titled Tuesday intern op 07th Jan Early"]
[Site "Chess.com INT"]
[Date "2025.01.07"]
[Round "2"]
[White "Kasparov, Sergey"]
[Black "Eames, Robert"]
[Result "1-0"]
[WhiteElo "2441"]
[BlackElo "2151"]
[PlyCount "71"]
[EventDate "2025.01.07"]
[EventType "swiss (blitz)"]
[EventRounds "11"]
[EventCountry "USA"]
[SourceTitle "CB03_2025"]
[SourceDate "2025.01.15"]
[SourceVersion "1"]
[SourceVersionDate "2025.01.15"]
[SourceQuality "1"]

1. e4 c6 2. d4 d5 3. Nc3 dxe4 4. Nxe4 Bf5 5. Ng3 Bg6 6. Nh3 e6 7. Nf4 Nf6 8. h4 Bd6 9. h5 Bf5 10. Nxf5 exf5 11. Bd3 Qd7 12. c3 0-0 13. 0-0 Na6 14. Bxa6 bxa6 15. Qf3 Rab8 16. Nd3 Ne4 17. Bf4 Bxf4 18. Qxf4 f6 19. f3 Nd6 20. Rfe1 Rfe8 21. Kh2 Rbd8 22. Nc5 Qf7 23. Rxe8+ Qxe8 24. h6 Qh5+ 25. Kg1 Qxh6 26. Qxh6 gxh6 27. Nxa6 Nc4 28. b3 Ne3 29. Kf2 f4 30. Nc5 Kf7 31. Nd3 Nd5 32. Rc1 Kg6 33. c4 Ne7 34. Nxf4+ Kf5 35. Ke3 Ng6 36. g4+ 1-0

[Event "Titled Tuesday intern op 07th Jan Early"]
[Site "Chess.com INT"]
[Date "2025.01.07"]
[Round "3"]
[White "Plyasunov, Daniil"]
[Black "Kasparov, Sergey"]
[Result "1/2-1/2"]
[WhiteElo "2300"]
[BlackElo "2441"]
[PlyCount "114"]
[EventDate "2025.01.07"]
[EventType "swiss (blitz)"]
[EventRounds "11"]
[EventCountry "USA"]
[SourceTitle "CB03_2025"]
[SourceDate "2025.01.15"]
[SourceVersion "1"]
[SourceVersionDate "2025.01.15"]
[SourceQuality "1"]

1. e4 d5 2. exd5 Qxd5 3. Nc3 Qd6 4. d4 Nf6 5. Nf3 c6 6. Ne5 Nbd7 7. Bf4 Nd5 8. Nxd5 Qxd5 9. Qd3 Nxe5 10. dxe5 Be6 11. Qxd5 Bxd5 12. f3 g6 13. h4 h5 14. c4 Be6 15. 0-0-0 Bh6 16. Bxh6 Rxh6 17. b3 f6 18. Bd3 Kf7 19. Rhe1 g5 20. exf6 exf6 21. hxg5 fxg5 22. Be4 h4 23. Rd6 Ke7 24. c5 Rd8 25. Rxd8 Kxd8 26. Kd2 Kd7 27. Ke3 Ke7 28. b4 h3 29. gxh3 Rxh3 30. a3 Rh2 31. Kd4 Kf6 32. Ra1 Rd2+ 33. Ke3 Rb2 34. Kd4 Rb3 35. Rh1 Rxa3 36. Rh6+ Ke7 37. Rh7+ Bf7 38. f4 Kf8 39. fxg5 Rg3 40. Rh8+ Kg7 41. Rb8 Rxg5 42. Rxb7 Kf6 43. Bxc6 Rg4+ 44. Kc3 a6 45. Rb6 Ke5 46. Rxa6 Rc4+ 47. Kd2 Rxb4 48. Bf3 Bd5 49. Be2 Kd4 50. c6 Rb2+ 51. Ke1 Rxe2+ 52. Kxe2 Bc4+ 53. Kf3 Bxa6 54. c7 Bc8 55. Kf4 Kd5 56. Ke3 Kd6 57. Kd4 Kxc7 1/2-1/2

[Event "Titled Tuesday intern op 20th Aug Early"]
[Site "Chess.com INT"]
[Date "2024.08.20"]
[Round "2"]
[White "Oro, Faustino"]
[Black "Kasparov, Sergey"]
[Result "1-0"]
[WhiteElo "2434"]
[BlackElo "2436"]
[PlyCount "125"]
[EventDate "2024.08.20"]
[EventType "swiss (blitz)"]
[EventRounds "11"]
[EventCountry "USA"]
[SourceTitle "EXT 2025"]
[Source "ChessBase"]
[SourceDate "2024.10.14"]
[SourceVersion "1"]
[SourceVersionDate "2024.10.14"]
[SourceQuality "1"]

1. e4 d5 2. exd5 Qxd5 3. Nc3 Qd6 4. d4 Nf6 5. Nf3 c6 6. Bc4 Be6 7. Bd3 Bg4 8. Be3 Nbd7 9. h3 Bh5 10. 0-0 e6 11. Be2 Be7 12. Nd2 Bxe2 13. Nxe2 0-0 14. c4 c5 15. Nf3 cxd4 16. Bxd4 Rfd8 17. Qb3 Qc7 18. Nc3 a6 19. Rac1 Rac8 20. Na4 Nc5 21. Nxc5 Bxc5 22. Bxf6 gxf6 23. Qc3 Kg7 24. b4 Be7 25. Qb2 Qf4 26. c5 Rd5 27. Qb3 Rcd8 28. Rc4 Qf5 29. Qb2 Rd3 30. Re1 Qd5 31. Rg4+ Kh8 32. Ng5 Rf8 33. Ne4 Qe5 34. Qb1 Qd5 35. Rf4 f5 36. Ng3 Rd8 37. a4 Rd1 38. Qb2+ Kg8 39. Rxd1 Qxd1+ 40. Kh2 Qd2 41. Qe5 Rd5 42. Qb8+ Rd8 43. Qc7 Rd7 44. Qc8+ Rd8 45. Qc7 Rd7 46. Qe5 Rd5 47. Qb8+ Rd8 48. Qxb7 Qxf4 49. Qxe7 Rd2 50. c6 Rxf2 51. c7 Rxg2+ 52. Kxg2 Qd2+ 53. Kg1 Qe3+ 54. Kg2 Qd2+ 55. Kf3 Qd3+ 56. Kf4 Qd2+ 57. Ke5 Qc3+ 58. Kd6 Qxg3+ 59. Kd7 Qd3+ 60. Ke8 Qc4 61. Qd8 Qc6+ 62. Ke7+ Kg7 63. c8Q 1-0

[Event "Titled Tuesday intern op 13th Aug Early"]
[Site "Chess.com INT"]
[Date "2024.08.13"]
[Round "2"]
[White "Kasparov, Sergey"]
[Black "Delgado Kuffo, Andres"]
[Result "0-1"]
[WhiteElo "2436"]
[BlackElo "2320"]
[PlyCount "78"]
[EventDate "2024.08.13"]
[EventType "swiss (blitz)"]
[EventRounds "11"]
[EventCountry "USA"]
[SourceTitle "EXT 2025"]
[Source "ChessBase"]
[SourceDate "2024.10.14"]
[SourceVersion "1"]
[SourceVersionDate "2024.10.14"]
[SourceQuality "1"]

1. e4 e6 2. d4 d5 3. Nd2 Nc6 4. Ngf3 Nf6 5. e5 Nd7 6. Be2 f6 7. exf6 Qxf6 8. Nf1 e5 9. dxe5 Ndxe5 10. Qxd5 Be6 11. Qe4 Bf5 12. Qa4 0-0-0 13. Ne3 Bb4+ 14. c3 Bxc3+ 15. bxc3 Nxf3+ 16. Bxf3 Qxc3+ 17. Kf1 Qxa1 18. Qa3 Bd3+ 19. Kg1 Nd4 20. Bg4+ Kb8 21. h3 Ne2+ 22. Bxe2 Bxe2 23. Kh2 Qe5+ 24. g3 Rd3 25. Qb4 Bf3 26. Re1 Rhd8 27. Nc4 Qc3 28. Qxc3 Rxc3 29. Ne5 Bd5 30. Bg5 Rc8 31. g4 Rc2 32. Be3 Rxa2 33. Rd1 c6 34. Nd7+ Kc7 35. Nc5 Re8 36. Bf4+ Kb6 37. Nd3 a6 38. Rb1+ Ka7 39. Be3+ Rxe3 0-1

[Event "Titled Tuesday intern op 06th Aug Early"]
[Site "Chess.com INT"]
[Date "2024.08.06"]
[Round "3"]
[White "Kasparov, Sergey"]
[Black "Shankland, Samuel L"]
[Result "0-1"]
[WhiteElo "2436"]
[BlackElo "2669"]
[PlyCount "54"]
[EventDate "2024.08.06"]
[EventType "swiss (blitz)"]
[EventRounds "11"]
[EventCountry "USA"]
[SourceTitle "EXT 2025"]
[Source "ChessBase"]
[SourceDate "2024.10.14"]
[SourceVersion "1"]
[SourceVersionDate "2024.10.14"]
[SourceQuality "1"]

1. e4 c5 2. Nf3 d6 3. d4 cxd4 4. Nxd4 Nf6 5. f3 Nc6 6. c4 e6 7. Nc3 Be7 8. Be3 0-0 9. Be2 Bd7 10. 0-0 a6 11. Qd2 Qb8 12. Rfd1 Rc8 13. Rac1 b5 14. cxb5 Nxd4 15. Bxd4 axb5 16. a3 b4 17. axb4 Qxb4 18. Ra1 e5 19. Bf2 Rab8 20. Ra2 Be6 21. Ra7 Qxb2 22. Qxb2 Rxb2 23. Rxe7 Rxc3 24. Rxd6 Kf8 25. Rexe6 fxe6 26. Be1 Re3 27. Bb4 Rxb4 0-1

[Event "Titled Tuesday intern op 30th Jul Early"]
[Site "Chess.com INT"]
[Date "2024.07.30"]
[Round "1"]
[White "Elsness, Frode"]
[Black "Kasparov, Sergey"]
[Result "1-0"]
[WhiteElo "2418"]
[BlackElo "2449"]
[PlyCount "149"]
[EventDate "2024.07.30"]
[EventType "swiss (blitz)"]
[EventRounds "11"]
[EventCountry "USA"]
[SourceTitle "EXT 2025"]
[Source "ChessBase"]
[SourceDate "2024.10.14"]
[SourceVersion "1"]
[SourceVersionDate "2024.10.14"]
[SourceQuality "1"]

1. e4 d5 2. exd5 Qxd5 3. Nc3 Qd6 4. d4 Nf6 5. Nf3 c6 6. Bc4 Be6 7. Bxe6 Qxe6+ 8. Qe2 Qxe2+ 9. Nxe2 Nbd7 10. 0-0 e6 11. c3 c5 12. dxc5 Bxc5 13. Ned4 Ke7 14. Re1 Rhd8 15. Be3 Kf8 16. Rad1 a6 17. h3 Rac8 18. Rd3 Be7 19. Nb3 b6 20. Red1 Nd5 21. Bd4 f6 22. a4 Rc4 23. a5 b5 24. Nfd2 Rcc8 25. Ne4 Kf7 26. g3 Rc6 27. Kg2 h5 28. h4 Rdc8 29. Ned2 Nc5 30. Nxc5 Bxc5 31. Bxc5 Rxc5 32. Ne4 R5c6 33. Rd4 Ke7 34. Nd2 R8c7 35. Re1 Kf7 36. Ne4 Ke7 37. Nd2 Kf7 38. Ne4 Rd7 39. Red1 Ke7 40. Re1 Rc4 41. Rxc4 bxc4 42. Nc5 Rd6 43. f4 Rc6 44. Na4 Kd6 45. f5 exf5 46. Kf3 f4 47. gxf4 Ne7 48. Rd1+ Ke6 49. Re1+ Kf7 50. Rd1 Nf5 51. Rd7+ Ke6 52. Rb7 Nxh4+ 53. Kg3 Nf5+ 54. Kf3 g5 55. fxg5 fxg5 56. Nb6 g4+ 57. Kf4 Ne7 58. Ra7 Nd5+ 59. Nxd5 Kxd5 60. Rh7 Rf6+ 61. Kg3 Rf5 62. Ra7 Ke4 63. Rxa6 Rf3+ 64. Kh4 Rh3+ 65. Kg5 g3 66. Re6+ Kf3 67. a6 g2 68. Re1 Rh1 69. a7 Rxe1 70. a8Q+ Kf2 71. Qa7+ Re3 72. Qf7+ Rf3 73. Qa7+ Kf1 74. Qa1+ Kf2 75. Qa7+ 1-0

[Event "Paleochora op 17th"]
[Site "Paleochora"]
[Date "2024.07.27"]
[Round "9"]
[White "Kasparov, Sergey"]
[Black "Milonakis, Georgios"]
[Result "1/2-1/2"]
[WhiteElo "2449"]
[BlackElo "2194"]
[PlyCount "57"]
[EventDate "2024.07.20"]
[EventType "swiss"]
[EventRounds "9"]
[EventCountry "GRE"]
[SourceTitle "CBM 221 Extra"]
[Source "ChessBase"]
[SourceDate "2024.09.30"]
[SourceVersion "1"]
[SourceVersionDate "2024.09.30"]
[SourceQuality "1"]

1. e4 e5 2. Nf3 Nc6 3. Bb5 a6 4. Bxc6 dxc6 5. 0-0 Ne7 6. Nxe5 Qd4 7. Qh5 g6 8. Qg5 Bg7 9. Nd3 f5 10. e5 b6 11. b3 Qg4 12. Qe3 f4 13. f3 fxe3 14. fxg4 e2 15. Re1 Bxg4 16. Bb2 0-0-0 17. Nf2 Bf5 18. d3 c5 19. Nd2 Nc6 20. Nf3 Rhe8 21. Rxe2 Nd4 22. Nxd4 cxd4 23. Rae1 h5 24. Bc1 Rd5 25. Bf4 Rc5 26. h3 Rc6 27. a4 Bf8 28. Kh2 Be7 29. Ne4 1/2-1/2

[Event "Paleochora op 17th"]
[Site "Paleochora"]
[Date "2024.07.25"]
[Round "7"]
[White "Kasparov, Sergey"]
[Black "Hartofylakas, Spyros"]
[Result "1-0"]
[WhiteElo "2449"]
[BlackElo "2133"]
[PlyCount "87"]
[EventDate "2024.07.20"]
[EventType "swiss"]
[EventRounds "9"]
[EventCountry "GRE"]
[SourceTitle "CBM 221 Extra"]
[Source "ChessBase"]
[SourceDate "2024.09.30"]
[SourceVersion "1"]
[SourceVersionDate "2024.09.30"]
[SourceQuality "1"]

1. e4 c5 2. Nf3 Nc6 3. Bb5 e5 4. 0-0 Bd6 5. Re1 a6 6. Bf1 Nf6 7. c3 0-0 8. d4 cxd4 9. cxd4 Bb4 10. Nc3 d5 11. Bg5 dxe4 12. dxe5 Qxd1 13. Raxd1 exf3 14. exf6 h6 15. Bf4 Bg4 16. fxg7 Kxg7 17. h3 fxg2 18. hxg4 gxf1Q+ 19. Kxf1 Rad8 20. Kg2 Rh8 21. Rh1 Bxc3 22. bxc3 Rxd1 23. Rxd1 h5 24. Rd7 hxg4 25. Rxb7 Rh5 26. Rb6 Rc5 27. Rxa6 Rxc3 28. a4 f5 29. a5 Rc5 30. Bd6 Rc4 31. Ra8 f4 32. a6 g3 33. Rc8 Rc2 34. Bxf4 Rxf2+ 35. Kxg3 Ne7 36. Rc7 Ra2 37. Rxe7+ Kf6 38. Ra7 Ra3+ 39. Kg4 Ke6 40. Rh7 Kd5 41. a7 Kc6 42. Be3 Ra4+ 43. Kf3 Ra3 44. Rh8 1-0

[Event "Paleochora op 17th"]
[Site "Paleochora"]
[Date "2024.07.21"]
[Round "2"]
[White "Santryan, Davit"]
[Black "Kasparov, Sergey"]
[Result "1/2-1/2"]
[WhiteElo "2120"]
[BlackElo "2449"]
[PlyCount "29"]
[EventDate "2024.07.20"]
[EventType "swiss"]
[EventRounds "9"]
[EventCountry "GRE"]
[SourceTitle "CBM 221 Extra"]
[Source "ChessBase"]
[SourceDate "2024.09.30"]
[SourceVersion "1"]
[SourceVersionDate "2024.09.30"]
[SourceQuality "1"]

1. d4 c5 2. d5 Nf6 3. Nc3 d6 4. Nf3 g6 5. e4 Bg7 6. Be2 0-0 7. 0-0 e6 8. Nd2 exd5 9. exd5 Nbd7 10. h3 Ne8 11. a4 f5 12. f4 Nc7 13. Nc4 Nf6 14. Bf3 b6 15. Qd3 1/2-1/2

[Event "Paleochora op 17th"]
[Site "Paleochora"]
[Date "2024.07.20"]
[Round "1"]
[White "Kasparov, Sergey"]
[Black "Karamichos, Michail"]
[Result "1-0"]
[WhiteElo "2449"]
[BlackElo "1946"]
[PlyCount "81"]
[EventDate "2024.07.20"]
[EventType "swiss"]
[EventRounds "9"]
[EventCountry "GRE"]
[SourceTitle "CBM 221 Extra"]
[Source "ChessBase"]
[SourceDate "2024.09.30"]
[SourceVersion "1"]
[SourceVersionDate "2024.09.30"]
[SourceQuality "1"]

1. e4 c5 2. Nf3 d6 3. d4 cxd4 4. Nxd4 Nf6 5. f3 e5 6. Nb3 d5 7. Bg5 d4 8. c3 Nc6 9. Bc4 Be7 10. 0-0 0-0 11. cxd4 exd4 12. N1d2 Qb6 13. Bh4 Nh5 14. Bf2 Nf4 15. Kh1 Rd8 16. Rg1 Ne5 17. Qf1 Qh6 18. Bxd4 Rxd4 19. Nxd4 Bd6 20. g3 Bh3 21. Nf5 Qh5 22. Nxg7 Kxg7 23. gxf4+ Ng6 24. Qf2 Bxf4 25. Nf1 Rc8 26. Bb3 Kf8 27. Ng3 Qh4 28. Qxa7 Ne5 29. Qf2 Rc6 30. Rad1 Bg5 31. Rd5 f6 32. Rd8+ Ke7 33. Rh8 Qh6 34. Nf5+ Bxf5 35. exf5 Rd6 36. Rd1 Be3 37. Qg2 Rxd1+ 38. Bxd1 Qh4 39. Qg3 Qh6 40. Qg8 Qf4 41. Qe6# 1-0

[Event "Titled Tuesday intern op 16th Jul Late"]
[Site "Chess.com INT"]
[Date "2024.07.16"]
[Round "8"]
[White "Kasparov, Sergey"]
[Black "Nasuta, Grzegorz"]
[Result "0-1"]
[WhiteElo "2449"]
[BlackElo "2551"]
[PlyCount "62"]
[EventDate "2024.07.16"]
[EventType "swiss (blitz)"]
[EventRounds "11"]
[EventCountry "USA"]
[SourceTitle "EXT 2025"]
[Source "ChessBase"]
[SourceDate "2024.10.14"]
[SourceVersion "1"]
[SourceVersionDate "2024.10.14"]
[SourceQuality "1"]

1. e4 c5 2. Nf3 d6 3. d4 cxd4 4. Nxd4 Nf6 5. f3 e5 6. Nb3 Nc6 7. c4 a5 8. Be3 Be7 9. Nc3 0-0 10. Bd3 a4 11. Nc1 Qa5 12. N1e2 Bd8 13. Qd2 Bb6 14. 0-0 Be6 15. Kh1 Nd7 16. Rfd1 Bxe3 17. Qxe3 Nc5 18. Nb5 Nb4 19. Bb1 Bxc4 20. Nxd6 Bxe2 21. Qxe2 Rad8 22. a3 Nc6 23. Ba2 Nd4 24. Nc4 Qa6 25. Qf2 Ncb3 26. Nxe5 Nxa1 27. Bxf7+ Rxf7 28. Nxf7 Kxf7 29. Rxa1 Qe2 30. Qh4 Ne6 31. Qxh7 Rd1+ 0-1

[Event "Titled Tuesday intern op 16th Jul Late"]
[Site "Chess.com INT"]
[Date "2024.07.16"]
[Round "10"]
[White "Kasparov, Sergey"]
[Black "Schnaider, Ilan"]
[Result "0-1"]
[WhiteElo "2449"]
[BlackElo "2391"]
[PlyCount "132"]
[EventDate "2024.07.16"]
[EventType "swiss (blitz)"]
[EventRounds "11"]
[EventCountry "USA"]
[SourceTitle "EXT 2025"]
[Source "ChessBase"]
[SourceDate "2024.10.14"]
[SourceVersion "1"]
[SourceVersionDate "2024.10.14"]
[SourceQuality "1"]

1. e4 e5 2. Nf3 Nc6 3. Bb5 a6 4. Bxc6 dxc6 5. 0-0 Qf6 6. d4 exd4 7. Qxd4 Qxd4 8. Nxd4 Bd7 9. Nc3 0-0-0 10. Be3 Bb4 11. Nde2 Nf6 12. f3 h5 13. a3 Bd6 14. Rad1 h4 15. h3 Rde8 16. Rd3 Be6 17. Rfd1 Nh5 18. Bf2 Nf4 19. Nxf4 Bxf4 20. Ne2 Bd6 21. Nd4 Bd7 22. Ne2 f6 23. R3d2 g5 24. Nd4 Re7 25. Nb3 Bf4 26. Rd3 b6 27. Be3 Bg3 28. Bf2 c5 29. Bxg3 hxg3 30. Nd2 Be6 31. Nf1 Bc4 32. R3d2 Bxf1 33. Kxf1 Rhe8 34. Rd5 Re6 35. c4 Kb7 36. a4 Kc6 37. b3 Rh8 38. Ke2 Rf8 39. Kd3 Rfe8 40. Ke3 R8e7 41. Rf5 Rh7 42. Rd8 Rf7 43. Rdd5 Rfe7 44. Rd2 Rh7 45. Rd8 Rh6 46. Rf8 Rg6 47. Rf7 Kb7 48. e5 fxe5 49. Ke4 Rd6 50. Rxe5 Rd4+ 51. Kf5 Rc6 52. Re2 Rd3 53. Kxg5 Rxb3 54. Kg4 b5 55. Kxg3 bxa4 56. Ra2 Rg6+ 57. Kh2 a3 58. h4 Rb2 59. Rxa3 Rbxg2+ 60. Kh1 Rg1+ 61. Kh2 R6g2+ 62. Kh3 Rg6 63. Kh2 R1g2+ 64. Kh1 Rc2 65. Ra1 Rxc4 66. Rf5 Rxh4# 0-1

[Event "Cesme op-A 9th"]
[Site "Cesme"]
[Date "2023.06.24"]
[Round "8"]
[White "Cilek, Bora"]
[Black "Kasparov, Sergey"]
[Result "1/2-1/2"]
[WhiteElo "2266"]
[BlackElo "2456"]
[PlyCount "51"]
[EventDate "2023.06.19"]
[EventType "swiss"]
[EventRounds "9"]
[EventCountry "TUR"]
[SourceTitle "CBM 214 Extra"]
[Source "ChessBase"]
[SourceDate "2023.07.31"]
[SourceVersion "1"]
[SourceVersionDate "2023.07.31"]
[SourceQuality "1"]

1. e4 e6 2. d4 d5 3. Nd2 dxe4 4. Nxe4 Nd7 5. Nf3 Ngf6 6. Nxf6+ Nxf6 7. c3 c5 8. Be3 Qc7 9. Bb5+ Bd7 10. Bxd7+ Nxd7 11. Qa4 Qc6 12. Qxc6 bxc6 13. 0-0-0 cxd4 14. Bxd4 c5 15. Be3 Be7 16. Bf4 Rc8 17. c4 Nb6 18. b3 f6 19. Nd2 g5 20. Bg3 Kf7 21. h4 g4 22. Ne4 Rhd8 23. Bd6 Rc6 24. Bg3 Rcc8 25. Bd6 Rc6 26. Bg3 1/2-1/2

[Event "Cesme op-A 9th"]
[Site "Cesme"]
[Date "2023.06.22"]
[Round "5"]
[White "Kasparov, Sergey"]
[Black "Odeev, Handszar"]
[Result "1-0"]
[WhiteElo "2456"]
[BlackElo "2245"]
[PlyCount "65"]
[EventDate "2023.06.19"]
[EventType "swiss"]
[EventRounds "9"]
[EventCountry "TUR"]
[SourceTitle "CBM 214 Extra"]
[Source "ChessBase"]
[SourceDate "2023.07.31"]
[SourceVersion "1"]
[SourceVersionDate "2023.07.31"]
[SourceQuality "1"]

1. e4 c5 2. Nf3 d6 3. d4 cxd4 4. Nxd4 Nf6 5. f3 e5 6. Nb3 d5 7. Bg5 d4 8. c3 Nc6 9. Bb5 h6 10. Bh4 Be6 11. Bf2 Qb6 12. Qe2 Be7 13. cxd4 Bxb3 14. axb3 exd4 15. 0-0 0-0 16. Bxc6 bxc6 17. Nd2 Rfd8 18. Qd3 Bb4 19. Nc4 Qb5 20. Rfd1 Rd7 21. e5 Nh7 22. f4 Rb8 23. Qh3 Nf8 24. f5 Rd5 25. Rd3 Nd7 26. Rg3 Nxe5 27. Nxe5 Rxe5 28. Qxh6 Bf8 29. Bxd4 g6 30. Qh4 Be7 31. f6 Rh5 32. Qe4 Bf8 33. Rxg6+ 1-0

[Event "Port Elizabeth"]
[Site "Port Elizabeth"]
[Date "2019.03.31"]
[Round "7"]
[White "Kasparov, Sergey"]
[Black "Van Zyl Rudd, Jack"]
[Result "1/2-1/2"]
[WhiteElo "2451"]
[BlackElo "2310"]
[PlyCount "106"]
[EventDate "2019.03.25"]
[EventType "tourn"]
[EventRounds "10"]
[EventCountry "RSA"]
[EventCategory "8"]
[SourceTitle "CBM 189 Extra"]
[Source "ChessBase"]
[SourceDate "2019.05.31"]
[SourceVersion "1"]
[SourceVersionDate "2019.05.31"]
[SourceQuality "1"]

1. e4 e5 2. Nf3 Nf6 3. Nxe5 d6 4. Nf3 Nxe4 5. Nc3 Nxc3 6. dxc3 Be7 7. Bf4 0-0 8. Qd2 Nd7 9. 0-0-0 Nc5 10. Kb1 Re8 11. Be3 c6 12. Qc1 Qc7 13. h4 Bg4 14. Rd4 Bd7 15. Ng5 d5 16. Qd1 f6 17. Nf3 Ne4 18. Nd2 Nd6 19. g4 c5 20. Rxd5 Bc6 21. Rxc5 b6 22. Rxc6 Qxc6 23. Bd3 Rad8 24. Rg1 b5 25. Nb3 Nc4 26. Nd4 Qd5 27. g5 Nxe3 28. fxe3 fxg5 29. Nxb5 Qe5 30. Nd4 Qxe3 31. Nf5 Qe5 32. hxg5 Bc5 33. Rf1 Rf8 34. g6 h6 35. a3 Rde8 36. Qg4 Kh8 37. Rh1 Be3 38. Re1 Qf4 39. Qh3 Bf2 40. Rxe8 Rxe8 41. Nxg7 Re1+ 42. Ka2 Kxg7 43. Qd7+ Kf6 44. Qd8+ Kg7 45. Qd7+ Kf6 46. Qf7+ Kg5 47. Qd5+ Kf6 48. Qg8 Ke7 49. Qh7+ Kd6 50. Qh8 Ke7 51. Qh7+ Kd6 52. Qh8 Ke7 53. Qh7+ Kd6 1/2-1/2

[Event "Port Elizabeth"]
[Site "Port Elizabeth"]
[Date "2019.03.26"]
[Round "2"]
[White "Van Zyl Rudd, Jack"]
[Black "Kasparov, Sergey"]
[Result "0-1"]
[WhiteElo "2310"]
[BlackElo "2451"]
[PlyCount "64"]
[EventDate "2019.03.25"]
[EventType "tourn"]
[EventRounds "10"]
[EventCountry "RSA"]
[EventCategory "8"]
[SourceTitle "CBM 189 Extra"]
[Source "ChessBase"]
[SourceDate "2019.05.31"]
[SourceVersion "1"]
[SourceVersionDate "2019.05.31"]
[SourceQuality "1"]

1. e4 c6 2. d4 d5 3. exd5 cxd5 4. Bd3 Nc6 5. c3 Qc7 6. Ne2 Nf6 7. 0-0 Bg4 8. Qe1 Bxe2 9. Qxe2 e6 10. Bg5 Bd6 11. g3 h6 12. Bxf6 gxf6 13. a4 h5 14. Na3 Bxa3 15. Rxa3 h4 16. b4 Ke7 17. Qe3 Rag8 18. Raa1 Kf8 19. c4 Nxb4 20. Rac1 Qd8 21. cxd5 Nxd5 22. Qf3 Rg5 23. Be4 Kg7 24. Rc5 b6 25. Rc6 Ne7 26. Rc4 f5 27. Bb7 Qd6 28. d5 e5 29. Re1 hxg3 30. fxg3 f4 31. Kh1 Rxg3 32. Qe4 Rxh2+ 0-1

[Event "Gujarat op 1st"]
[Site "Ahmedabad"]
[Date "2018.10.09"]
[Round "7"]
[White "Kiran, Manisha Mohanty"]
[Black "Kasparov, Sergey"]
[Result "1/2-1/2"]
[WhiteElo "2147"]
[BlackElo "2453"]
[PlyCount "35"]
[EventDate "2018.10.05"]
[EventType "swiss"]
[EventRounds "10"]
[EventCountry "IND"]
[SourceTitle "CBM 186 Extra"]
[Source "ChessBase"]
[SourceDate "2018.08.24"]
[SourceVersion "1"]
[SourceVersionDate "2018.08.24"]
[SourceQuality "1"]

1. e4 d5 2. exd5 Qxd5 3. Nc3 Qd6 4. d4 Nf6 5. Nf3 c6 6. g3 Bf5 7. Bg2 h6 8. 0-0 e6 9. Bf4 Qd8 10. Ne2 Nbd7 11. c4 Qb6 12. b3 Ba3 13. Nc3 Qa5 14. Bd2 Qc7 15. Bf4 Qa5 16. Bd2 Qc7 17. Bf4 Qa5 18. Bd2 1/2-1/2

[Event "Gujarat op 1st"]
[Site "Ahmedabad"]
[Date "2018.10.07"]
[Round "4"]
[White "Kasparov, Sergey"]
[Black "Navalgund, Niranjan"]
[Result "1/2-1/2"]
[WhiteElo "2453"]
[BlackElo "2245"]
[PlyCount "119"]
[EventDate "2018.10.05"]
[EventType "swiss"]
[EventRounds "10"]
[EventCountry "IND"]
[SourceTitle "CBM 186 Extra"]
[Source "ChessBase"]
[SourceDate "2018.08.24"]
[SourceVersion "1"]
[SourceVersionDate "2018.08.24"]
[SourceQuality "1"]

1. e4 e5 2. Nf3 Nc6 3. Bb5 a6 4. Ba4 Nf6 5. Bxc6 dxc6 6. d3 Bd6 7. Nbd2 c5 8. Nc4 Nd7 9. 0-0 0-0 10. b3 f6 11. Nh4 Rf7 12. Nf5 Nb8 13. Nfxd6 cxd6 14. f4 b5 15. Ne3 exf4 16. Rxf4 Be6 17. c4 Nc6 18. Bb2 Qd7 19. Qd2 f5 20. exf5 Bxf5 21. Raf1 Raf8 22. d4 cxd4 23. Bxd4 Be6 24. Rxf7 Rxf7 25. Rxf7 Qxf7 26. cxb5 axb5 27. Qc3 Bd7 28. Nf1 Qg6 29. Bf2 Qe4 30. h3 Qe5 31. Qd2 d5 32. Ng3 Nd8 33. Ne2 Ne6 34. Bg3 Qf5 35. Nd4 Nxd4 36. Qxd4 Qe4 37. Qa7 Bc6 38. Qb8+ Qe8 39. Qb6 Bd7 40. Bf2 Bc6 41. Bd4 h6 42. Qc7 Qd7 43. Qe5 Qf7 44. Kh2 Kh7 45. g4 Qg6 46. Kg3 Qd3+ 47. Kf2 Qd2+ 48. Kf3 Qd3+ 49. Qe3 Qxe3+ 50. Kxe3 g5 51. Kd2 h5 52. Kc3 hxg4 53. hxg4 Kg6 54. Kb4 Kf7 55. Kc5 Bd7 56. a3 Ke7 57. b4 Kf7 58. Be3 Kf6 59. Bd4+ Kf7 60. Be3 1/2-1/2

[Event "Gujarat op 1st"]
[Site "Ahmedabad"]
[Date "2018.10.05"]
[Round "1"]
[White "Niraula, Niraj"]
[Black "Kasparov, Sergey"]
[Result "0-1"]
[WhiteElo "1932"]
[BlackElo "2453"]
[PlyCount "82"]
[EventDate "2018.10.05"]
[EventType "swiss"]
[EventRounds "10"]
[EventCountry "IND"]
[SourceTitle "CBM 186 Extra"]
[Source "ChessBase"]
[SourceDate "2018.08.24"]
[SourceVersion "1"]
[SourceVersionDate "2018.08.24"]
[SourceQuality "1"]

1. Nf3 Nf6 2. g3 b5 3. Bg2 Bb7 4. b3 e6 5. Bb2 c5 6. 0-0 Be7 7. d3 d5 8. a4 a6 9. axb5 axb5 10. Rxa8 Bxa8 11. Nbd2 Nc6 12. c4 bxc4 13. bxc4 d4 14. Qa4 0-0 15. Ra1 Qc7 16. Ba3 Nd7 17. Rb1 Rc8 18. Qa6 Bf8 19. Ne1 Qd8 20. Nc2 Rc7 21. Bc1 Ra7 22. Qb5 Qc8 23. Ra1 Rxa1 24. Nxa1 Na7 25. Qa4 Bxg2 26. Kxg2 Qb7+ 27. Kg1 Nc6 28. Nab3 Nd8 29. Qb5 Qc8 30. Ne4 f5 31. Ng5 e5 32. Na5 Bd6 33. Nf3 Qc7 34. Nh4 g6 35. Bd2 Qc8 36. Nb3 Kg7 37. Bg5 Ne6 38. Bd2 e4 39. Na5 Ne5 40. f4 exf3 41. Nxf3 Nf7 0-1